000 00525nam a2200181Ia 4500
005 20250508152408.0
008 008 250505s9999 xx 000 0 hin d
037 _aTextual
040 _aFEDL
_beng
_cFEDL
041 _ahin
_2eng
084 _a891.431, VAJ
_qFEDL
100 _aVajpayee Puroshtam Chander
_9761369
245 0 _aKabir aur Jayasi ka mulyankan
260 _aVaranasi, India
_bHindi Pracharak Pustakalya
_c1957
300 _a99p.
942 _cTEXL
_h891.431, VAJ
999 _c1336153
_d1336153